[Event "46th GRE-chT Premier 2018"]
[Site "Rio Achaia"]
[Date "2018.07.10"]
[Round "1"]
[White "Drakopoulos, Polihronis"]
[Black "Morozov, Nichita"]
[Result "0-1"]
[WhiteElo "2105"]
[BlackElo "2429"]
[Annotator "TA"]
[PlyCount "96"]
[EventDate "2018.07.10"]
[EventType "team-tourn"]
[EventCountry "GRE"]
[SourceTitle "playchess.com"]
[Source "ChessBase"]
[SourceQuality "1"]

{[%evp 25,96,11,36,0,0,0,0,0,-12,-42,-34,-87,-21,-14,0,0,0,0,0,0,0,-88,-62,-81,0,0,0,0,0,0,0,0,0,-18,-17,-8,-10,-10,-11,-12,-12,-13,-7,-11,-16,-30,-21,-109,-69,-132,-132,-198,-197,-181,-174,-172,-189,-160,-153,-216,-223,-341,-347,-576,-574,-509,-506,-570,-561,-901,-859,-29979,-29980]} 1. d4 Nf6 2. c4 e6 3. g3 d5 4. Nf3 Bb4+ 5. Bd2 Bd6 6. Bg2 c6 7. Qc2 Nbd7 8. O-O O-O 9. Bg5 h6 10. Bxf6 Nxf6 11. Nbd2 b6 {E01: Catalan: Early deviations} 12. e4 Be7 13. e5 (13. Rfd1 Bb7 14. Rac1 Rc8 15. Ne5 dxc4 16. Ndxc4 b5 17. Qb3 a6 18. Ne3 Nd7 19. N3g4 Nxe5 20. Nxe5 {0-1 (59) Moroni,L (2559)-Wojtaszek,R (2738) Batumi 2018}) 13... Ne8 {LiveBook: 5 Games. The position is equal.} 14. c5 bxc5 $146 ({Predecessor:} 14... b5 15. Rfe1 a5 16. Bf1 Nc7 17. Bd3 Ba6 18. Qd1 b4 19. Bb1 {1-0 (59) Perez Ponsa,F (2497)-Slipak,S (2444) Resistance/Saenz Pena 2013}) 15. dxc5 a5 16. Nd4 Bd7 17. f4 Nc7 18. Rf3 (18. a4 $15) 18... Na6 (18... Nb5 $17 19. Ne2 a4) 19. Rc3 $11 Qb8 20. a3 a4 21. N2f3 Qa7 {[%cal Re7c5]} 22. Rc1 ({Much weaker is} 22. Qxa4 Bxc5 23. Kh1 Rfb8 $17) 22... Rfb8 23. Ne1 (23. Bf1 $11) 23... Nxc5 $1 $17 24. Rxc5 {Nd3 is the strong threat.} Bxc5 (24... Rxb2 $1 $17 25. Qxb2 Bxc5) 25. Qxc5 $11 {Strongly threatening Nd3.} Qxc5 26. Rxc5 {Threatens to win with Nd3.} Rxb2 27. Nec2 Kf8 28. Kf2 Ke8 29. Ke3 Kd8 {next ...Kc7 is good for Black.} 30. Nxc6+ Bxc6 31. Rxc6 Rc8 32. Rxc8+ Kxc8 33. Kd2 g6 34. Bf1 Rb1 35. Be2 Rh1 36. h4 (36. Ne3 $1 $11 {keeps the balance.} Rxh2 37. Nf1) 36... Rh3 $1 $17 {[%mdl 1024] Black has strong compensation.} 37. Bb5 (37. Ne1 $15) 37... Rxg3 38. Be8 {[#]} (38. Nd4 $17 {was called for.}) 38... Kd8 $1 $19 {[%cal Rd8e8]} 39. Bxf7 {[#]} Ke7 $1 {[%cal Re7f7]} 40. Bg8 Rf3 41. Nd4 Rxf4 42. Kd3 (42. Nc6+ $17 Kd7 43. Nb8+ Kc7 44. Na6+ Kd8 45. Bxe6) 42... Rxh4 43. Nxe6 (43. Nc6+ $142 Kd7 44. Nb8+ Kc7 45. Na6+ Kb6 46. Nb4) 43... Rh3+ 44. Kd4 $2 (44. Kc2 {keeps fighting.} Rg3 45. Nf4) 44... Rxa3 45. Nf4 Rg3 46. Nxd5+ Kf8 47. Nf6 {If only White now had time for Bd5....} a3 {[%cal Ba4a3,Ba3a2][%mdl 32]} 48. e6 a2 {Precision: White = 40%, Black = 74%.} 0-1

[Event "46th GRE-chT Premier 2018"]
[Site "Rio Achaia"]
[Date "2018.07.10"]
[Round "1"]
[White "Kordis, Konstantinos"]
[Black "Gimnopoulos, Lazaros"]
[Result "1-0"]
[WhiteElo "2100"]
[BlackElo "2033"]
[Annotator "NA"]
[PlyCount "101"]
[EventDate "2018.07.10"]
[EventType "team-tourn"]
[EventCountry "GRE"]
[SourceTitle "playchess.com"]
[Source "ChessBase"]
[SourceQuality "1"]
[TimeControl "40/5400+30:1800+30"]

1. e4 {[%emt 0:00:00]} c5 {[%emt 0:00:00]} 2. Nf3 {[%emt 0:00:00]} d6 {[%emt 0:00:00]} 3. d4 {[%emt 0:00:17]} cxd4 {[%emt 0:00:02]} 4. Nxd4 {[%emt 0:00:07]} Nf6 {[%emt 0:00:06]} 5. Nc3 {[%emt 0:00:14]} a6 {[%emt 0:00:16]} 6. Bc4 {[%emt 0:00:33]} e6 {[%emt 0:00:21]} 7. Bb3 {[%emt 0:00:09]} Be7 {[%emt 0:00:15]} 8. Be3 {[%emt 0:01:22]} Nc6 {[%emt 0:01:33]} 9. Qe2 {[%emt 0:00:22]} Na5 {[%emt 0:02:14]} 10. O-O-O {[%emt 0:05:28]} Nxb3+ {[%emt 0:00:29]} 11. cxb3 {[%emt 0:00:32]} Qa5 {[%emt 0:17:08]} 12. Kb1 {[%emt 0:02:48]} Bd7 {[%emt 0:09:33]} 13. g4 {[%emt 0:03:43]} Bc6 {[%emt 0:08:26]} 14. f3 {[%emt 0:05:57]} Rd8 {[%emt 0:13:39]} 15. g5 {[%emt 0:09:51]} Nh5 {[%emt 0:03:50]} 16. f4 {[%emt 0:03:53]} g6 {[%emt 0:03:17]} 17. f5 {[%emt 0:05:01]} exf5 {[%emt 0:07:12]} 18. exf5 {[%emt 0:03:35]} Bxh1 {[%emt 0:00:54]} 19. f6 {[%emt 0:00:13]} Nxf6 {[%emt 0:03:33]} 20. gxf6 {[%emt 0:00:08]} Bxf6 {[%emt 0:00:17]} 21. Bg5+ {[%emt 0:01:37]} Be5 {[%emt 0:00:10]} 22. b4 {[%emt 0:05:44]} Qxb4 {[%emt 0:03:48]} 23. a3 {[%emt 0:08:47]} Qc5 {[%emt 0:07:14]} 24. Nb3 {[%emt 0:02:05]} Qb6 {[%emt 0:06:12]} 25. Bxd8 {[%emt 0:00:28]} Qxd8 {[%emt 0:01:51]} 26. Rxh1 {[%emt 0:00:54]} O-O {[%emt 0:00:14]} 27. Nd5 {[%emt 0:00:38]} Qh4 {[%emt 0:00:48]} 28. Qf3 {[%emt 0:04:27]} b5 {[%emt 0:01:00]} 29. Nb4 {[%emt 0:04:40]} a5 {[%emt 0:03:40]} 30. Nxa5 {[%emt 0:01:09]} Rc8 {[%emt 0:00:51]} 31. Nac6 {[%emt 0:00:20]} Rc7 {[%emt 0:01:43]} 32. Nxe5 {[%emt 0:01:23]} dxe5 {[%emt 0:00:08]} 33. Qd5 {[%emt 0:06:53]} e4 {[%emt 0:02:12]} 34. Qxb5 {[%emt 0:00:46]} Re7 {[%emt 0:00:53]} 35. Nc6 {[%emt 0:05:23]} Re6 {[%emt 0:00:54]} 36. Nd4 {[%emt 0:00:21]} Re7 {[%emt 0:00:28]} 37. Qb8+ {[%emt 0:01:53]} Kg7 {[%emt 0:00:14]} 38. Rg1 {[%emt 0:04:36]} Qh3 {[%emt 0:00:45]} 39. Qb5 {[%emt 0:01:38]} Kf8 {[%emt 0:01:07]} 40. Qc5 {[%emt 0:00:00]} Qxh2 {[%emt 0:00:00]} 41. Nc6 {[%emt 0:03:24]} Qc7 {[%emt 0:08:21]} 42. a4 {[%emt 0:02:23]} Kg7 {[%emt 0:02:35]} 43. Qd4+ {[%emt 0:00:39]} Kg8 {[%emt 0:00:25]} 44. Nxe7+ {[%emt 0:00:08]} Qxe7 {[%emt 0:00:06]} 45. Re1 {[%emt 0:00:16]} f5 {[%emt 0:00:10]} 46. Rc1 {[%emt 0:00:07]} g5 {[%emt 0:02:46]} 47. Rc8+ {[%emt 0:04:06]} Kf7 {[%emt 0:01:07]} 48. Qb6 {[%emt 0:00:12]} e3 {[%emt 0:01:52]} 49. Rc7 {[%emt 0:00:10]} f4 {[%emt 0:00:15]} 50. Rxe7+ {[%emt 0:00:13]} Kxe7 {[%emt 0:00:05]} 51. Qh6 {[%emt 0:00:09]} 1-0

[Event "46th GRE-chT Premier 2018"]
[Site "Rio Achaia"]
[Date "2018.07.10"]
[Round "1"]
[White "Serpetsidakis, Nikolaos"]
[Black "Laspas, Antonios"]
[Result "1-0"]
[WhiteElo "2087"]
[BlackElo "1566"]
[Annotator "NA"]
[PlyCount "93"]
[EventDate "2018.07.10"]
[EventType "team-tourn"]
[EventCountry "GRE"]
[SourceTitle "playchess.com"]
[Source "ChessBase"]
[SourceQuality "1"]
[TimeControl "40/5400+30:1800+30"]

1. d4 {[%emt 0:00:00]} Nf6 {[%emt 0:00:00]} 2. c4 {[%emt 0:00:00]} e6 {[%emt 0:00:00]} 3. Nc3 {[%emt 0:00:00]} d5 {[%emt 0:00:11]} 4. cxd5 {[%emt 0:00:15]} exd5 {[%emt 0:00:20]} 5. Bg5 {[%emt 0:00:08]} c6 {[%emt 0:00:27]} 6. e3 {[%emt 0:00:15]} Be7 {[%emt 0:00:18]} 7. Bd3 {[%emt 0:00:10]} Nbd7 {[%emt 0:00:13]} 8. Nge2 {[%emt 0:02:15]} Nh5 {[%emt 0:03:35]} 9. Bxe7 {[%emt 0:00:16]} Qxe7 {[%emt 0:00:19]} 10. O-O {[%emt 0:00:37]} O-O {[%emt 0:00:43]} 11. Rb1 {[%emt 0:00:33]} Ndf6 {[%emt 0:06:54]} 12. b4 {[%emt 0:08:59]} b5 {[%emt 0:04:18]} 13. a4 {[%emt 0:01:52]} a6 {[%emt 0:00:38]} 14. Nc1 {[%emt 0:09:01]} g6 {[%emt 0:00:34]} 15. Qc2 {[%emt 0:07:34]} Bd7 {[%emt 0:07:23]} 16. Re1 {[%emt 0:05:54]} Rfe8 {[%emt 0:07:58]} 17. Re2 {[%emt 0:09:44]} Qd6 {[%emt 0:08:53]} 18. f3 {[%emt 0:02:50]} Rac8 {[%emt 0:06:44]} 19. Qd2 {[%emt 0:05:11]} Re7 {[%emt 0:04:34]} 20. Bc2 {[%emt 0:00:14]} Qc7 {[%emt 0:04:39]} 21. Nd3 {[%emt 0:08:12]} Ng7 {[%emt 0:04:34]} 22. Nc5 {[%emt 0:01:09]} Ra8 {[%emt 0:00:51]} 23. Ra1 {[%emt 0:01:40]} Ree8 {[%emt 0:01:46]} 24. Bb3 {[%emt 0:14:47]} Ne6 {[%emt 0:06:20]} 25. Nd3 {[%emt 0:00:49]} Qd6 {[%emt 0:06:28]} 26. a5 {[%emt 0:00:56]} Re7 {[%emt 0:00:59]} 27. Rae1 {[%emt 0:05:26]} Rae8 {[%emt 0:02:31]} 28. Nd1 {[%emt 0:00:58]} Bc8 {[%emt 0:04:21]} 29. N1b2 {[%emt 0:00:33]} Nh5 {[%emt 0:00:41]} 30. g4 {[%emt 0:03:01]} Nhg7 {[%emt 0:00:25]} 31. f4 {[%emt 0:05:11]} f5 {[%emt 0:03:20]} 32. g5 {[%emt 0:02:35]} Kf8 {[%emt 0:03:02]} 33. Ne5 {[%emt 0:00:18]} Nd8 {[%emt 0:01:44]} 34. Rc1 {[%emt 0:00:22]} Bb7 {[%emt 0:00:19]} 35. Nbd3 {[%emt 0:03:27]} Nge6 {[%emt 0:01:14]} 36. h4 {[%emt 0:00:51]} Ba8 {[%emt 0:03:02]} 37. Rh2 {[%emt 0:01:32]} Ng7 {[%emt 0:00:18]} 38. Nc5 {[%emt 0:00:05]} Ra7 {[%emt 0:00:29]} 39. Bd1 {[%emt 0:01:10]} Nf7 {[%emt 0:01:10]} 40. h5 {[%emt 0:00:00]} gxh5 {[%emt 0:00:00]} 41. Bxh5 {[%emt 0:04:18]} Nxh5 {[%emt 0:03:05]} 42. Rxh5 {[%emt 0:00:10]} Nxe5 {[%emt 0:00:05]} 43. dxe5 {[%emt 0:00:38]} Qd8 {[%emt 0:03:49]} 44. Qd3 {[%emt 0:08:19]} Qc8 {[%emt 0:00:49]} 45. e6 {[%emt 0:00:20]} Rae7 {[%emt 0:02:12]} 46. Nd7+ {[%emt 0:01:59]} Kg7 {[%emt 0:00:57]} 47. Qd4+ {[%emt 0:00:12]} 1-0

[Event "46th GRE-chT Premier 2018"]
[Site "Rio Achaia"]
[Date "2018.07.10"]
[Round "1"]
[White "Triantos, Konstantinos"]
[Black "Damianou, Ioannis"]
[Result "1/2-1/2"]
[WhiteElo "2078"]
[BlackElo "2058"]
[Annotator "NA"]
[PlyCount "73"]
[EventDate "2018.07.10"]
[EventType "team-tourn"]
[EventCountry "GRE"]
[SourceTitle "playchess.com"]
[Source "ChessBase"]
[SourceQuality "1"]
[TimeControl "40/5400+30:1800+30"]

1. e4 {[%emt 0:00:00]} e5 {[%emt 0:00:00]} 2. Nf3 {[%emt 0:00:00]} Nc6 {[%emt 0:00:00]} 3. Bb5 {[%emt 0:00:00]} a6 {[%emt 0:00:00]} 4. Ba4 {[%emt 0:00:00]} Nf6 {[%emt 0:00:08]} 5. d3 {[%emt 0:00:43]} b5 {[%emt 0:00:14]} 6. Bb3 {[%emt 0:00:03]} Be7 {[%emt 0:00:06]} 7. O-O {[%emt 0:00:10]} d6 {[%emt 0:00:09]} 8. a3 {[%emt 0:00:04]} O-O {[%emt 0:00:16]} 9. Nc3 {[%emt 0:00:08]} Bg4 {[%emt 0:01:18]} 10. Be3 {[%emt 0:00:16]} Nd4 {[%emt 0:00:10]} 11. Bxd4 {[%emt 0:00:18]} exd4 {[%emt 0:00:06]} 12. Nd5 {[%emt 0:00:07]} c5 {[%emt 0:04:30]} 13. h3 {[%emt 0:02:14]} Be6 {[%emt 0:00:52]} 14. Nxf6+ {[%emt 0:06:39]} Bxf6 {[%emt 0:00:10]} 15. Bxe6 {[%emt 0:00:07]} fxe6 {[%emt 0:00:07]} 16. Nh2 {[%emt 0:00:11]} Be5 {[%emt 0:13:34]} 17. Qg4 {[%emt 0:04:00]} Bxh2+ {[%emt 0:03:52]} 18. Kxh2 {[%emt 0:00:04]} Qf6 {[%emt 0:01:32]} 19. f4 {[%emt 0:01:55]} e5 {[%emt 0:09:34]} 20. f5 {[%emt 0:00:17]} c4 {[%emt 0:00:49]} 21. Rf2 {[%emt 0:09:14]} Rac8 {[%emt 0:02:49]} 22. Raf1 {[%emt 0:02:26]} Rc7 {[%emt 0:02:01]} 23. Qh5 {[%emt 0:00:27]} cxd3 {[%emt 0:00:45]} 24. cxd3 {[%emt 0:00:05]} Qf7 {[%emt 0:00:39]} 25. Qh4 {[%emt 0:03:37]} Qf6 {[%emt 0:01:09]} 26. Qh5 {[%emt 0:00:15]} Qf7 {[%emt 0:00:34]} 27. Qf3 {[%emt 0:09:04]} Qf6 {[%emt 0:03:21]} 28. g4 {[%emt 0:10:10]} Qg5 {[%emt 0:16:33]} 29. Rg2 {[%emt 0:09:00]} Rfc8 {[%emt 0:04:54]} 30. Qg3 {[%emt 0:01:00]} Rc2 {[%emt 0:03:32]} 31. Rff2 {[%emt 0:00:04]} Qc1 {[%emt 0:02:23]} 32. Qh4 {[%emt 0:07:36]} Qxb2 {[%emt 0:00:53]} 33. Rxc2 {[%emt 0:00:13]} Rxc2 {[%emt 0:00:08]} 34. Qd8+ {[%emt 0:00:06]} Kf7 {[%emt 0:00:04]} 35. Qd7+ {[%emt 0:00:17]} Kf8 {[%emt 0:00:07]} 36. Qxd6+ {[%emt 0:01:11]} Kf7 {[%emt 0:00:19]} 37. Qd7+ {[%emt 0:19:43]} 1/2-1/2

[Event "46th GRE-chT Premier 2018"]
[Site "Rio Achaia"]
[Date "2018.07.10"]
[Round "1"]
[White "Fragkos, Vasilios"]
[Black "Sgouros, Apostolos"]
[Result "1-0"]
[WhiteElo "2066"]
[BlackElo "2024"]
[Annotator "NA"]
[PlyCount "69"]
[EventDate "2018.07.10"]
[EventType "team-tourn"]
[EventCountry "GRE"]
[SourceTitle "playchess.com"]
[Source "ChessBase"]
[SourceQuality "1"]
[TimeControl "40/5400+30:1800+30"]

1. e4 {[%emt 0:00:00]} c5 {[%emt 0:00:08]} 2. b3 {[%emt 0:00:15]} e5 {[%emt 0:00:26]} 3. Bb2 {[%emt 0:01:05]} d6 {[%emt 0:00:09]} 4. Nf3 {[%emt 0:02:30]} Be7 {[%emt 0:01:52]} 5. Bb5+ {[%emt 0:00:47]} Bd7 {[%emt 0:00:42]} 6. Bxd7+ {[%emt 0:01:03]} Qxd7 {[%emt 0:00:07]} 7. O-O {[%emt 0:00:30]} Nf6 {[%emt 0:00:06]} 8. Re1 {[%emt 0:01:59]} Nc6 {[%emt 0:00:09]} 9. d3 {[%emt 0:03:27]} O-O {[%emt 0:00:29]} 10. Nbd2 {[%emt 0:00:07]} b5 {[%emt 0:04:33]} 11. a4 {[%emt 0:01:37]} a6 {[%emt 0:01:10]} 12. Nf1 {[%emt 0:00:46]} Rfc8 {[%emt 0:04:43]} 13. Ne3 {[%emt 0:00:11]} Bd8 {[%emt 0:00:57]} 14. c3 {[%emt 0:05:53]} Ba5 {[%emt 0:09:14]} 15. Re2 {[%emt 0:04:24]} Re8 {[%emt 0:08:36]} 16. axb5 {[%emt 0:08:22]} axb5 {[%emt 0:00:11]} 17. Nf5 {[%emt 0:16:17]} d5 {[%emt 0:17:44]} 18. Qc1 {[%emt 0:10:01]} h6 {[%emt 0:23:26]} 19. N3h4 {[%emt 0:08:21]} Ne7 {[%emt 0:04:47]} 20. Nxh6+ {[%emt 0:13:13]} gxh6 {[%emt 0:00:09]} 21. Qxh6 {[%emt 0:00:06]} Qg4 {[%emt 0:11:10]} 22. Re3 {[%emt 0:04:34]} Qf4 {[%emt 0:03:22]} 23. Rg3+ {[%emt 0:01:44]} Ng6 {[%emt 0:00:06]} 24. Rxg6+ {[%emt 0:07:22]} fxg6 {[%emt 0:00:09]} 25. Qxg6+ {[%emt 0:00:07]} Kf8 {[%emt 0:04:49]} 26. Nf5 {[%emt 0:00:07]} Re6 {[%emt 0:00:47]} 27. Qg7+ {[%emt 0:03:37]} Ke8 {[%emt 0:00:04]} 28. Bc1 {[%emt 0:03:41]} Qg4 {[%emt 0:01:05]} 29. Bg5 {[%emt 0:00:49]} Bd8 {[%emt 0:00:36]} 30. Re1 {[%emt 0:01:05]} Qh5 {[%emt 0:02:27]} 31. exd5 {[%emt 0:00:10]} Nxd5 {[%emt 0:00:37]} 32. Bxd8 {[%emt 0:00:57]} Rxd8 {[%emt 0:00:36]} 33. Qg8+ {[%emt 0:00:26]} Kd7 {[%emt 0:00:10]} 34. Qxe6+ {[%emt 0:00:06]} Kxe6 {[%emt 0:00:18]} 35. Ng7+ {[%emt 0:00:02] Kf5 [%clk 0:01:10] Nxh5 [%clk 0:02:18] Nxc3 [%clk 0:01:31] Ng3+ [%clk 0:02:16] Kf4 [%clk 0:01:38] Re3 [%clk 0:00:51] Ra8 [%clk 0:01:03] h4 [%clk 0:01:05] Ra1+ [%clk 0:01:19] Kh2 [%clk 0:31:10] Nd1 [%clk 0:30:34] Re4# [%clk 0:31:28] Kxe4} 1-0

[Event "46th GRE-chT Premier 2018"]
[Site "Rio Achaia"]
[Date "2018.07.10"]
[Round "1"]
[White "Rousis, Mihail"]
[Black "Dimopoulos, Dimitrios"]
[Result "1-0"]
[WhiteElo "2048"]
[BlackElo "1944"]
[Annotator "NA"]
[PlyCount "79"]
[EventDate "2018.07.10"]
[EventType "team-tourn"]
[EventCountry "GRE"]
[SourceTitle "playchess.com"]
[Source "ChessBase"]
[SourceQuality "1"]
[TimeControl "40/5400+30:1800+30"]

1. e4 {[%emt 0:00:00]} c6 {[%emt 0:00:00]} 2. d4 {[%emt 0:00:00]} d5 {[%emt 0:00:00]} 3. exd5 {[%emt 0:00:00]} cxd5 {[%emt 0:00:00]} 4. c4 {[%emt 0:00:00]} Nf6 {[%emt 0:00:41]} 5. Nc3 {[%emt 0:00:12]} Nc6 {[%emt 0:04:41]} 6. Bg5 {[%emt 0:00:34]} dxc4 {[%emt 0:11:48]} 7. Bxc4 {[%emt 0:01:03]} Nxd4 {[%emt 0:23:28]} 8. Nge2 {[%emt 0:05:32]} e5 {[%emt 0:14:29]} 9. f4 {[%emt 0:14:43]} h6 {[%emt 0:21:36]} 10. fxe5 {[%emt 0:12:11]} hxg5 {[%emt 0:03:14]} 11. Qxd4 {[%emt 0:00:36]} Qxd4 {[%emt 0:01:31]} 12. Nxd4 {[%emt 0:00:06]} Ng4 {[%emt 0:05:21]} 13. Ndb5 {[%emt 0:02:31]} Rb8 {[%emt 0:03:19]} 14. O-O-O {[%emt 0:14:10]} Bd7 {[%emt 0:02:45]} 15. Nc7+ {[%emt 0:10:35]} Kd8 {[%emt 0:00:24]} 16. e6 {[%emt 0:00:56]} fxe6 {[%emt 0:01:22]} 17. Bxe6 {[%emt 0:03:44]} Nf6 {[%emt 0:01:04]} 18. N7b5 {[%emt 0:07:55]} a6 {[%emt 0:01:14]} 19. Ne4 {[%emt 0:01:47]} axb5 20. Nxf6 {[%emt 0:00:07]} gxf6 {[%emt 0:01:13]} 21. Rxd7+ {[%emt 0:00:15]} Ke8 {[%emt 0:00:20]} 22. Re1 {[%emt 0:00:40]} Bc5 {[%emt 0:00:53]} 23. Rg7 {[%emt 0:08:49]} Bd6 {[%emt 0:01:23]} 24. h3 {[%emt 0:04:01]} b6 {[%emt 0:00:31]} 25. Bc4+ {[%emt 0:01:55]} Be5 {[%emt 0:00:34]} 26. Bxb5+ {[%emt 0:00:29]} Kf8 {[%emt 0:00:13]} 27. Ra7 {[%emt 0:01:02]} Rc8+ {[%emt 0:00:27]} 28. Kb1 {[%emt 0:00:11]} Rh4 {[%emt 0:00:31]} 29. Bd7 {[%emt 0:02:08]} Rd8 {[%emt 0:00:46]} 30. Bg4 {[%emt 0:00:44]} Re8 {[%emt 0:00:32]} 31. Rd1 {[%emt 0:00:54]} Rh6 {[%emt 0:00:34]} 32. Rdd7 {[%emt 0:00:47]} f5 {[%emt 0:00:31]} 33. Rf7+ {[%emt 0:01:06]} Kg8 {[%emt 0:00:07]} 34. Rxf5 {[%emt 0:01:01]} Rf6 {[%emt 0:00:50]} 35. Rxg5+ {[%emt 0:00:21]} Kf8 {[%emt 0:00:05]} 36. Rf5 {[%emt 0:01:17]} Rxf5 {[%emt 0:00:17]} 37. Bxf5 {[%emt 0:00:05]} Bf6 {[%emt 0:00:18]} 38. Bg6 {[%emt 0:02:09]} Re1+ {[%emt 0:00:41]} 39. Kc2 {[%emt 0:00:04]} Bg7 {[%emt 0:00:22]} 40. Ra8+ {[%emt 0:00:00]} 1-0

[Event "46th GRE-chT Premier 2018"]
[Site "Rio Achaia"]
[Date "2018.07.10"]
[Round "1"]
[White "Skalkotas, Nikolaos"]
[Black "Leniart, Arkadiusz"]
[Result "0-1"]
[WhiteElo "2044"]
[BlackElo "2489"]
[Annotator "ChessBase"]
[PlyCount "74"]
[EventDate "2018.07.10"]
[EventType "team-tourn"]
[EventCountry "GRE"]
[SourceTitle "playchess.com"]
[Source "ChessBase"]
[SourceQuality "1"]
[TimeControl "40/5400+30:1800+30"]

1. d4 {[%emt 0:00:00]} Nf6 {[%emt 0:00:00]} 2. c4 {[%emt 0:00:00]} e6 {[%emt 0:00:00]} 3. Nf3 {[%emt 0:00:49]} d5 4. g3 {[%emt 0:01:02]} Nbd7 {[%emt 0:00:06]} 5. Bg2 {[%emt 0:02:21]} dxc4 {[%emt 0:00:06]} 6. O-O {[%emt 0:00:05]} Rb8 {[%emt 0:05:06]} 7. Qc2 {[%emt 0:07:31]} b5 {[%emt 0:01:58]} 8. e4 {[%emt 0:00:11]} Bb7 {[%emt 0:02:33]} 9. Re1 {[%emt 0:00:05]} c5 {[%emt 0:11:49]} 10. d5 {[%emt 0:02:52]} e5 {[%emt 0:01:00]} 11. Nc3 {[%emt 0:06:34]} Qb6 {[%emt 0:05:42]} 12. a4 {[%emt 0:08:07]} a6 {[%emt 0:00:14]} 13. a5 {[%emt 0:00:08]} Qd8 {[%emt 0:00:05]} 14. Nh4 {[%emt 0:00:40]} g6 {[%emt 0:01:07]} 15. f4 {[%emt 0:01:41]} Bd6 {[%emt 0:01:58]} 16. Bd2 {[%emt 0:02:30]} Qc7 {[%emt 0:05:38]} 17. Rf1 {[%emt 0:16:25]} O-O {[%emt 0:04:59]} 18. f5 {[%emt 0:00:08]} b4 {[%emt 0:00:41]} 19. Nd1 {[%emt 0:03:54]} c3 {[%emt 0:00:18]} 20. bxc3 b3 {[%emt 0:00:05]} 21. Qxb3 {[%emt 0:00:42]} Bxd5 {[%emt 0:00:18]} 22. Qc2 {[%emt 0:00:26]} Bc4 {[%emt 0:03:37]} 23. Ne3 {[%emt 0:02:58]} Bxf1 {[%emt 0:01:05]} 24. Bxf1 {[%emt 0:00:02]} Qc6 {[%emt 0:03:12]} 25. Nc4 {[%emt 0:20:26]} Qxe4 {[%emt 0:08:56]} 26. Qxe4 {[%emt 0:00:58]} Nxe4 {[%emt 0:00:07]} 27. Bh6 {[%emt 0:00:13]} Rfd8 {[%emt 0:02:09]} 28. Re1 {[%emt 0:07:44]} Ndf6 {[%emt 0:01:06]} 29. Nb6 {[%emt 0:00:50]} Bc7 {[%emt 0:01:47]} 30. fxg6 {[%emt 0:01:27]} hxg6 {[%emt 0:01:04]} 31. Bxa6 {[%emt 0:02:55]} Bxb6 {[%emt 0:00:07]} 32. axb6 {[%emt 0:00:04]} Rxb6 {[%emt 0:00:10]} 33. Bc4 {[%emt 0:00:07]} Nd2 {[%emt 0:01:39]} 34. Bxd2 {[%emt 0:04:48]} Rxd2 {[%emt 0:00:18]} 35. Nf3 {[%emt 0:01:35]} Rc2 {[%emt 0:01:23]} 36. Nxe5 {[%emt 0:01:06]} Rbb2 {[%emt 0:01:27]} 37. Bxf7+ {[%emt 0:01:39]} Kg7 {[%emt 0:00:37]} 0-1

[Event "46th GRE-chT Premier 2018"]
[Site "Rio Achaia"]
[Date "2018.07.10"]
[Round "1"]
[White "Kostas, Panagiotis"]
[Black "Manelidou, Maria"]
[Result "1-0"]
[WhiteElo "2041"]
[BlackElo "2078"]
[Annotator "NA"]
[PlyCount "33"]
[EventDate "2018.07.10"]
[EventType "team-tourn"]
[EventCountry "GRE"]
[SourceTitle "playchess.com"]
[Source "ChessBase"]
[SourceQuality "1"]
[TimeControl "40/5400+30:1800+30"]

1. d4 {[%emt 0:00:00]} d5 {[%emt 0:00:00]} 2. Nc3 {[%emt 0:00:00]} Nf6 {[%emt 0:00:08]} 3. Bg5 {[%emt 0:00:00]} h6 {[%emt 0:00:21]} 4. Bh4 {[%emt 0:00:16]} Bf5 {[%emt 0:02:59]} 5. e3 {[%emt 0:00:31]} c6 {[%emt 0:01:06]} 6. Bd3 {[%emt 0:00:52]} Bxd3 {[%emt 0:02:55]} 7. Qxd3 {[%emt 0:06:57]} Nbd7 {[%emt 0:05:28]} 8. Nf3 {[%emt 0:00:16]} e6 {[%emt 0:02:04]} 9. e4 {[%emt 0:14:09]} dxe4 {[%emt 0:12:17]} 10. Nxe4 {[%emt 0:00:14]} Be7 {[%emt 0:00:34]} 11. Nxf6+ {[%emt 0:09:34]} Nxf6 {[%emt 0:06:11]} 12. Qb3 {[%emt 0:09:20]} Nh5 {[%emt 0:09:48]} 13. Qxb7 {[%emt 0:05:49]} Bxh4 {[%emt 0:18:33]} 14. Qxc6+ {[%emt 0:00:15]} Kf8 {[%emt 0:00:38]} 15. Qc5+ {[%emt 0:02:27]} Be7 {[%emt 0:01:56]} 16. Qxh5 {[%emt 0:00:08]} Qb6 {[%emt 0:00:55]} 17. Ne5 {[%emt 0:01:27]} 1-0